01471nam a2200373Ia 4500001001200000003000800012006001900020007001500039008004100054010001700095020001500112020001500127040002100142035002100163050002700184082002200211245010500233260004300338300001500381504005100396533015200447650003200599651004400631651004400675651004000719651004100759651004000800651004100840655002900881700002700910710001700937856012600954999001701080ebr10135625CaPaEBRm u cr cn|||||||||040113s2004 nyu sb 001 0 eng d z 2004044255 z1403980438 z1403964777 aCaPaEBRcCaPaEBR a(OCoLC)56017966214aDS910.2.K7bI57 2004eb04a327.51930519522200aInter-Korean relationsh[electronic resource] :bproblems and prospects /cedited by Samuel S. Kim. aNew York :bPalgrave Macmillan,c2004. axv, 223 p. aIncludes bibliographical references and index. aElectronic reproduction.bPalo Alto, Calif. :cebrary,d2009.nAvailable via World Wide Web.nAccess may be limited to ebrary affiliated libraries. 0aInternational organization. 0aKorea (South)xRelationszKorea (North) 0aKorea (North)xRelationszKorea (South) 0aEast AsiaxRelationszKorea (North) 0aKorea (North)xRelationszEast Asia. 0aEast AsiaxRelationszKorea (South) 0aKorea (South)xRelationszEast Asia. 7aElectronic books.2local1 aKim, Samuel S.,d1935-2 aebrary, Inc.40uhttp://site.ebrary.com/lib/rucke/Doc?id=10135625zAn electronic book accessible through the World Wide Web; click to view c87543d87543